Movies Quiz

Random Movies or Vocabulary Quiz

1960s Movie Definitions Quiz Stats

 Plays Quiz Updated Jan 16, 2018

Challenge
Share
Tweet
Embed
Score 0/15 Timer 03:00
3 Plays Today
% Correct
Weekend
91.9%
Blow-Up
91.8%
Stagecoach
91.4%
Darling
91%
Psycho
90.8%
Exodus
90.8%
Hotel
90.8%
Clambake
90.7%
% Correct
Help!
88.3%
Persona
88.3%
Berserk
87%
Charade
83.5%
Contempt
83%
Gambit
81.4%
Repulsion
80.1%

You're not logged in!

Compare scores with friends on all Sporcle quizzes.
Join for Free
OR
Log In

You Might Also Like...

Show Comments

Extras

Top Quizzes Today


Score Distribution

Your Account Isn't Verified!

In order to create a playlist on Sporcle, you need to verify the email address you used during registration. Go to your Sporcle Settings to finish the process.

Report this User

Report this user for behavior that violates our Community Guidelines.

Details: